000 00284nam a22001217a 4500
008 180301b xxu||||| |||| 00| 0 eng d
041 _aeng
080 _a710
100 _a45
101 _aART
245 _aBilly al Bengston Paintings of Three Decades
_cCathcart,
942 _2udc
_cBK
999 _c43887
_d43887